Statistics for U.S. Colleges by Clue

Click here to take the quiz!

General Stats

  • This quiz has been taken 10,856 times
  • The average score is 11 of 20

Answer Stats

CluesUniversity% Correct
Mark Zuckerberg, The Lampoon, Largest EndowmentHarvard
96%
Skull & Bones, George Bush, Mr. BurnsYale
89%
Rudy, Catholic Church, Most Famous Fight SongNotre Dame
77%
Mascot is a Tree, Founded by Leland, GoogleStanford
77%
Lacrosse Scandal, Research Triangle, UNC RivalsDuke
69%
Nick Saban, George Wallace, CapstoneAlabama
67%
Noam Chomsky, Sloan School of Management, Charles RiverMIT
58%
Gig 'Em, Bonfire, Johnny FootballTexas A&M
56%
Founded by Jefferson, The Rotunda, RFKVirginia
56%
Baltimore, Dr. House, Dr. Perry CoxJohns Hopkins
54%
Dharma Initiative, Gerald Ford, Consumer ConfidenceMichigan
53%
Founded by Franklin, Dennis Reynolds, ENIAC computerPenn
53%
Animal House, New Hampshire, Keg MascotDartmouth
50%
Pasadena, Sheldon Cooper, Linus PaulingCaltech
44%
Founded by Monarchs, Jefferson Went There, Phi Beta KappaWilliam & Mary
41%
Has Element Named after It, People's Park, Tree SittersBerkeley
37%
First Nuclear Reactor, Economics, Where Fun Comes to DieChicago
35%
Booker T. Washington, Airmen, Syphilis ExperimentTuskegee
34%
The Onion, On an Isthmus, Camp RandallWisconsin
29%
First Co-ed, First Integrated, Terrible Football TeamOberlin
10%

Score Distribution

Percentile by Number Answered

Percent of People with Each Score

Your Score History

You have not taken this quiz